| 000 | 00393nam a2200157Ia 4500 | ||
|---|---|---|---|
| 008 | 210210b1988 xxu||||| |||| 00| 0 eng d | ||
| 020 | _a81 224 0162 7 | ||
| 082 | _a516.182 PANV | ||
| 100 | _aPANDEY (G S) & SHARMA (R R). | ||
| 245 | _aVectors and geometry. | ||
| 260 |
_aND _bWishwa Prakashan _c1988 |
||
| 300 | _a152 | ||
| 650 | _aVectors geometry | ||
| 690 | _aGeometry | ||
| 906 | _a045886 | ||
| 999 |
_c95301 _d95301 |
||